Diez años de Araucanía : 1889-1899
সংরক্ষণ করুন:
| প্রধান লেখক: | |
|---|---|
| বিন্যাস: | গ্রন্থ |
| ভাষা: | স্প্যানিশ |
| প্রকাশিত: |
Universidad de Chile.
c1975.
|
| বিষয়গুলি: | |
| ট্যাগগুলো: |
ট্যাগ যুক্ত করুন
কোনো ট্যাগ নেই, প্রথমজন হিসাবে ট্যাগ করুন!
|
MARC
| LEADER | 00000nam a22000005a 4500 | ||
|---|---|---|---|
| 001 | 8251 | ||
| 003 | CL-ChBUA | ||
| 005 | 20120815103100.0 | ||
| 008 | 070301s1975 cl 000 0 spa | ||
| 040 | |a CL-ChBUA |c CL-ChBUA | ||
| 082 | 0 | 0 | |a 983.063 |
| 090 | |c 8251 |d 8251 | ||
| 100 | 1 | |a Verniory, Gustave Marie Eugenia. | |
| 245 | 1 | 0 | |a Diez años de Araucanía : |b 1889-1899 |
| 260 | |b Universidad de Chile. |c c1975. | ||
| 300 | |a 499 p.: il. |b 499 p.: il. |c 23 cm. | ||
| 504 | |a Indice. | ||
| 650 | 4 | |a CHILE - HISTORIA - REPUBLICA PARLAMENTARIA, 1891-1895. | |
| 650 | 4 | |a CHILE - HISTORIA - REVOLUCION, 1891. | |
| 942 | |c LIB | ||
| 952 | |0 0 |1 0 |4 0 |7 0 |9 12245 |a UNACH |b UNACH |c 900 |d 2007-03-05 |i 20.565. |l 1 |o 983.063 / V 537. |p 13244 |r 2022-06-01 00:00:00 |s 2022-05-31 |u 12245 |w 2012-08-08 |y LIB |k 983.063 / V 537. | ||
| 999 | |c 8251 |d 8251 | ||